General education in a free society
Furkejuvvon:
| Searvvušdahkki: | |
|---|---|
| Materiálatiipa: | Girji |
| Giella: | eaŋgalasgiella |
| Almmustuhtton: |
Cambridge
Harvard University
1946
|
| Fáttát: | |
| Fáddágilkorat: |
Lasit fáddágilkoriid
Eai fáddágilkorat, Lasit vuosttaš fáddágilkora!
|
MARC
| LEADER | 00000nam a2200000 a 4500 | ||
|---|---|---|---|
| 001 | UCZ7176 | ||
| 003 | CL-VaPUC | ||
| 008 | 951222e19460000US |||||||||||||||||eng|d | ||
| 082 | 0 | 4 | |a 370.73 |b HAR |2 21 |
| 110 | 2 | |a Harvard Committee |e author |9 351952 | |
| 245 | 1 | 0 | |a General education in a free society |
| 300 | |a 267 p | ||
| 942 | |c BK | ||
| 945 | |d 19951222 00:00:00 |a lriquelm | ||
| 260 | |a Cambridge |b Harvard University |c 1946 | ||
| 650 | 0 | |a Educación |9 258661 | |
| 650 | 0 | |a Democracia |9 255256 | |
| 650 | 0 | |a Teoría de la educación |9 309368 | |
| 650 | 0 | |a Cambio social |9 256857 | |
| 650 | 0 | |a Currículo |9 307290 | |
| 650 | 0 | |a Planificación de la educación |9 307333 | |
| 651 | 0 | |a Estados Unidos |9 255178 | |
| 583 | |a last modification |c 19951222 00:00:00 |k Rodrigo Vera | ||
| 999 | |c 243293 |d 243291 | ||
| 952 | |0 0 |1 0 |4 0 |6 370_730000000000000_HAR_1946 |7 0 |8 P |9 256845 |a BIBEDU |b BIBEDU |c BIBEDU_PB |d 2019-11-19 |i 1613731 |o 370.73 HAR 1946 |p 1613731 |r 2024-01-25 |w 2019-11-19 |y BK |k EDU | ||